000 00341nam a2200145Ia 4500
001 37629
005 20240114001939.0
007 ta
008 070614s a g b000 u u
245 0 _aWalter Pater ; The Renaissance /
_hTextual Documents
300 _bill ;
653 _aEnglish Literature
942 _2ddc
_cBK
999 _c37605
_d37605